<?xml version="1.0" encoding="UTF-8"?>
<record
    xmlns:xsi="http://www.w3.org/2001/XMLSchema-instance"
    xsi:schemaLocation="http://www.loc.gov/MARC21/slim http://www.loc.gov/standards/marcxml/schema/MARC21slim.xsd"
    xmlns="http://www.loc.gov/MARC21/slim">

  <leader>01211nam a22002411a 4500</leader>
  <controlfield tag="003">OSt</controlfield>
  <controlfield tag="005">20150408114033.0</controlfield>
  <controlfield tag="008">120511t2011    mr ||||g b    001 0 ara d</controlfield>
  <datafield tag="040" ind1=" " ind2=" ">
    <subfield code="a">&#x639;&#x645;&#x627;&#x62F;&#x629; &#x634;&#x624;&#x648;&#x646; &#x627;&#x644;&#x645;&#x643;&#x62A;&#x628;&#x627;&#x62A; &#x641;&#x64A; &#x62C;&#x627;&#x645;&#x639;&#x629; &#x627;&#x644;&#x645;&#x62C;&#x645;&#x639;&#x629;</subfield>
  </datafield>
  <datafield tag="082" ind1="0" ind2="4">
    <subfield code="2">21</subfield>
    <subfield code="a">811.4</subfield>
    <subfield code="b">811.4 &#x634; &#x627; &#x639;</subfield>
  </datafield>
  <datafield tag="100" ind1="1" ind2=" ">
    <subfield code="a">&#x627;&#x628;&#x646; &#x639;&#x628;&#x62F; &#x631;&#x628;&#x647;&#x60C; &#x645;&#x62D;&#x645;&#x62F; &#x628;&#x646; &#x639;&#x644;&#x64A; &#x628;&#x646; &#x645;&#x62D;&#x645;&#x62F;</subfield>
    <subfield code="9">13729</subfield>
  </datafield>
  <datafield tag="245" ind1="1" ind2="0">
    <subfield code="a">&#x634;&#x631;&#x62D; &#x627;&#x644;&#x645;&#x62E;&#x62A;&#x627;&#x631; &#x645;&#x646; &#x634;&#x639;&#x631; &#x623;&#x628;&#x64A; &#x627;&#x644;&#x637;&#x64A;&#x628; &#x627;&#x644;&#x645;&#x62A;&#x646;&#x628;&#x64A;.</subfield>
    <subfield code="c">&#x644;&#x627;&#x628;&#x646; &#x639;&#x628;&#x62F; &#x631;&#x628;&#x647; &#x627;&#x644;&#x62D;&#x641;&#x64A;&#x62F; &#x61B; &#x642;&#x627;&#x645; &#x628;&#x625;&#x62E;&#x631;&#x627;&#x62C;&#x647; &#x648;&#x627;&#x644;&#x62A;&#x642;&#x62F;&#x64A;&#x645; &#x644;&#x647; &#x645;&#x62D;&#x645;&#x62F; &#x628;&#x646;&#x634;&#x631;&#x64A;&#x641;&#x629;.</subfield>
    <subfield code="n">&#x627;&#x644;&#x62C;&#x632;&#x621; &#x627;&#x644;&#x62B;&#x627;&#x646;&#x64A; /</subfield>
  </datafield>
  <datafield tag="250" ind1=" " ind2=" ">
    <subfield code="a">&#x637;. 1.</subfield>
  </datafield>
  <datafield tag="260" ind1=" " ind2=" ">
    <subfield code="a">[&#x627;&#x644;&#x62F;&#x627;&#x631; &#x627;&#x644;&#x628;&#x64A;&#x636;&#x627;&#x621;&#x60C; &#x627;&#x644;&#x645;&#x63A;&#x631;&#x628; :</subfield>
    <subfield code="b">&#x62F;. &#x646;.&#x60C;</subfield>
    <subfield code="c">2011</subfield>
    <subfield code="m">1432.</subfield>
  </datafield>
  <datafield tag="300" ind1=" " ind2=" ">
    <subfield code="a">431 &#x635;. &#x61B;</subfield>
    <subfield code="c">24 &#x633;&#x645;.</subfield>
  </datafield>
  <datafield tag="500" ind1=" " ind2=" ">
    <subfield code="a">&#x643;&#x634;&#x627;&#x641;&#x627;&#x62A; : &#x635;. 405-426.</subfield>
  </datafield>
  <datafield tag="504" ind1=" " ind2=" ">
    <subfield code="a">&#x628;&#x628;&#x644;&#x64A;&#x648;&#x62C;&#x631;&#x627;&#x641;&#x64A;&#x629; : &#x635;. 427-429.</subfield>
  </datafield>
  <datafield tag="504" ind1=" " ind2=" ">
    <subfield code="a">&#x64A;&#x634;&#x62A;&#x645;&#x644; &#x639;&#x644;&#x649; &#x625;&#x631;&#x62C;&#x627;&#x639;&#x627;&#x62A; &#x628;&#x628;&#x644;&#x64A;&#x648;&#x62C;&#x631;&#x627;&#x641;&#x64A;&#x629;.</subfield>
  </datafield>
  <datafield tag="600" ind1="1" ind2="7">
    <subfield code="2">aucnm</subfield>
    <subfield code="a">&#x623;&#x628;&#x648; &#x627;&#x644;&#x637;&#x64A;&#x628; &#x627;&#x644;&#x645;&#x62A;&#x646;&#x628;&#x64A;&#x60C; &#x623;&#x62D;&#x645;&#x62F; &#x628;&#x646; &#x627;&#x644;&#x62D;&#x633;&#x64A;&#x646; &#x628;&#x646; &#x627;&#x644;&#x62D;&#x633;&#x646;&#x60C;</subfield>
    <subfield code="d">303-354 &#x647;&#x640;.</subfield>
  </datafield>
  <datafield tag="650" ind1=" " ind2="7">
    <subfield code="2">aucsh</subfield>
    <subfield code="a">&#x627;&#x644;&#x634;&#x639;&#x631; &#x627;&#x644;&#x639;&#x631;&#x628;&#x64A;</subfield>
    <subfield code="x">&#x62A;&#x627;&#x631;&#x64A;&#x62E; &#x648;&#x646;&#x642;&#x62F;</subfield>
    <subfield code="y">&#x627;&#x644;&#x639;&#x635;&#x631; &#x627;&#x644;&#x639;&#x628;&#x627;&#x633;&#x64A;&#x60C; 750-1258</subfield>
    <subfield code="9">723</subfield>
  </datafield>
  <datafield tag="700" ind1="1" ind2=" ">
    <subfield code="a">&#x628;&#x646;&#x634;&#x631;&#x64A;&#x641;&#x629;&#x60C; &#x645;&#x62D;&#x645;&#x62F;</subfield>
    <subfield code="e">&#x645;&#x62E;&#x631;&#x62C;.</subfield>
    <subfield code="9">13730</subfield>
  </datafield>
  <datafield tag="942" ind1=" " ind2=" ">
    <subfield code="2">ddc</subfield>
    <subfield code="c">BOOK</subfield>
  </datafield>
  <datafield tag="999" ind1=" " ind2=" ">
    <subfield code="c">23135</subfield>
    <subfield code="d">257635</subfield>
  </datafield>
  <datafield tag="952" ind1=" " ind2=" ">
    <subfield code="1">0</subfield>
    <subfield code="2">2013-03-10</subfield>
    <subfield code="4">0</subfield>
    <subfield code="7">1</subfield>
    <subfield code="a">811.4 811.4 &#x634; &#x627; &#x639;</subfield>
    <subfield code="c">1</subfield>
    <subfield code="d">2012-05-16</subfield>
    <subfield code="h">CL</subfield>
    <subfield code="i">203236</subfield>
    <subfield code="l">stack td </subfield>
    <subfield code="m">CL</subfield>
    <subfield code="o">1</subfield>
    <subfield code="q">2025-12-21</subfield>
    <subfield code="r">2025-12-22 09:57:30</subfield>
    <subfield code="t">BOOK</subfield>
    <subfield code="w">ddc</subfield>
    <subfield code="y">1</subfield>
  </datafield>
  <datafield tag="952" ind1=" " ind2=" ">
    <subfield code="1">0</subfield>
    <subfield code="2">2013-03-10</subfield>
    <subfield code="4">0</subfield>
    <subfield code="7">0</subfield>
    <subfield code="a">811.4 811.4 &#x634; &#x627; &#x639;</subfield>
    <subfield code="c">2</subfield>
    <subfield code="d">2012-05-16</subfield>
    <subfield code="h">CL</subfield>
    <subfield code="i">203237</subfield>
    <subfield code="l">stack td </subfield>
    <subfield code="m">CL</subfield>
    <subfield code="r">2013-03-10 00:00:00</subfield>
    <subfield code="t">BOOK</subfield>
    <subfield code="w">ddc</subfield>
    <subfield code="y">0</subfield>
  </datafield>
</record>
